000 00550nam a2200181 i 4500
001 61757
003 ES-MaACL
007 t|
008 031113s1906 fr ||||1| fre d
100 1 _aFarjenel, Fernand.
_948872
245 1 3 _aLa morale chinoíse
_b: fondement des societés d'Extreme Orient /
_cpar F. Farjenel.
260 _aParís :
_bV. Giard,
_c1906.
300 _a258 p. ;
_c23 cm.
490 1 _aEtudes économiques et sociales
830 0 _aEtudes économiques et sociales
_9184131
852 _aES-MaACL
_jG-6097
999 _c61757
_d61757